| 000 | 00000nam##2200000za#4500 |
| 001 | 9.617950 |
| 003 | CaOODSP |
| 005 | 20210929082758 |
| 007 | ta |
| 008 | 150406|2006||||xxc||||| f|0| 0 eng|d |
| 020 | |a0-662-43896-5 |
| 022 | |a1705-5784 |
| 040 | |aCaOODSP|beng |
| 043 | |an-cn--- |
| 086 | 1 |aFo113-1/27-2006E |
| 110 | 1 |aCanada. |bNatural Resources Canada. |bCanadian Forest Service. |
| 245 | 10|aUncovering the postglacial history of conifer populations |
| 260 | |bNatural Resources Canada. |c2006. |
| 300 | |a[2]p. : |bcoloured map, photographs ; |c28 cm. |
| 490 | 1 |aBranching out, from the Canadian Forest Service, Laurentian Forestry Centre |x1705-5784|vNo. 27 |
| 520 | 3 |aA publication intended for forestry stakeholders and people interested in forestry which presents a popularized overview of current research and projects at the Laurentian Forestry Centre (LFC) of the Canadian Forest Service (CFS). |
| 563 | |aPamphlet |
| 590 | |a07-10|b2007-03-09 |
| 690 | 07|aForests|2gcpds |
| 690 | 07|aGeology|2gcpds |
| 690 | 07|aGlaciers|2gcpds |
| 710 | 2 |aPartenariat Innovation Forêt. |
| 775 | 08|tDes glaciers à la forêt : les conifères dévoilent leurs origines |w(CaOODSP)9.627293 |
| 776 | 0#|tUncovering the postglacial history of conifer populations |w(CaOODSP)9.560968 |
| 830 | #0|aBranching out from the Canadian Forest Service, Laurentian Forestry Centre,|x1705-5784|vNo. 27|w(CaOODSP)9.515084 |